书目信息 |
| 题名: |
物流管理概论
|
|
| 作者: | 杨希玲 , 张永恒 主编 | |
| 分册: | ||
| 出版信息: | 北京 中国轻工业出版社 2014.8 |
|
| 页数: | 291页 | |
| 开本: | 26cm | |
| 丛书名: | ||
| 单 册: | ||
| 中图分类: | F252.1 | |
| 科图分类: | ||
| 主题词: | 物流管理--Wu Liu Guan Li--高等教育--教材 , 高等教育--Gao Deng Jiao Yu , 教材--Jiao Cai | |
| 电子资源: | ||
| ISBN: | 978-7-5019-9751-0 | |
| 000 | 00973nam0 22002771 450 | |
| 001 | 349690 | |
| 005 | 20161009084551.35 | |
| 010 | @a978-7-5019-9751-0@dCNY38.00 | |
| 100 | @a20140915d2014 em y0chiy50 ea | |
| 101 | 0 | @achi |
| 102 | @aCN@b110000 | |
| 105 | @ay z 000yy | |
| 106 | @ar | |
| 200 | 1 | @a物流管理概论@AWu Liu Guan Li Gai Lun@f杨希玲,张永恒主编 |
| 210 | @a北京@c中国轻工业出版社@d2014.8 | |
| 215 | @a291页@d26cm | |
| 300 | @a高等教育物流管理专业“十二五”规划教材 物流管理专业教学改革教材 | |
| 330 | @a本书共十四章,主要内容包括:物流概述、仓储管理、库存管理、运输管理、物流配送管理、现代包装、装卸搬运及其合理化等。 | |
| 606 | 0 | @a物流管理@AWu Liu Guan Li@x高等教育@j教材 |
| 606 | 0 | @a高等教育@AGao Deng Jiao Yu |
| 606 | 0 | @a教材@AJiao Cai |
| 690 | @aF252.1@v5 | |
| 701 | 0 | @a杨希玲@AYang Xi Ling@c(女,@f1970~)@4主编 |
| 701 | 0 | @a张永恒@AZhang Yong Heng@f(1981~)@4主编 |
| 801 | 0 | @aCN@bTANGWEI@20160730 |
| 905 | @b0886275-9@dF252.1@e235@f5 | |
| 物流管理概论/杨希玲,张永恒主编 .-北京:中国轻工业出版社,2014.8 |
| 291页;26cm |
| 高等教育物流管理专业“十二五”规划教材 物流管理专业教学改革教材 |
| ISBN 978-7-5019-9751-0:CNY38.00 |
| 本书共十四章,主要内容包括:物流概述、仓储管理、库存管理、运输管理、物流配送管理、现代包装、装卸搬运及其合理化等。 |
| ● |
| 相关链接 |
|
|
|
|
正题名:物流管理概论
索取号:F252.1/235
 
预约/预借
| 序号 | 登录号 | 条形码 | 馆藏地/架位号 | 状态 | 备注 |
| 1 | 0886275 | 208862756 | 第一样本阅览室/ [索取号:F252.1/235] | 在馆 | |
| 2 | 0886276 | 208862765 | 第一借阅区/ [索取号:F252.1/235] | 在馆 | |
| 3 | 0886277 | 208862774 | 第一借阅区/ [索取号:F252.1/235] | 在馆 | |
| 4 | 0886278 | 208862783 | 密集书库-海洋学院/ [索取号:F252.1/235] | 在馆 | |
| 5 | 0886279 | 208862792 | 第一借阅区/ [索取号:F252.1/235] | 在馆 |